Walt Disney World Magic Kingdom Park Ultimate Quiz Stats

Quiz not verified by Sporcle

Also try: SpOOrcle Countries
Challenge
Share
Tweet
Embed
Score 0/131 Timer 20:00
0 Plays Today
Location Answer % Correct
MK-ALMagic Carpets of Aladdin
89.9%
MKDisney's Family Magic Tour
89.9%
MKDisney's The Magic Behind Our Steams Tour
89.9%
MK-MSMagic Kingdom Stroller
89.9%
MKTomorrowland
87.2%
MK-TLTomorrowland Speedway
87.2%
MKFantasyland
84.1%
MkFantasy in the Sky
84.1%
MKYuletide Fantasy
84.1%
MK-FLFantasy Faire
84.1%
MKAdventureland
83.8%
MKFrontierland
83%
MK-FrLFrontierland Shootin' Arcade
82%
WDWMagic Kingdom
81.9%
MKWalt Disney: Marceline to Magic Kingdom
81.9%
MK-MSMain Street Baby Services
81.6%
MK-MSMain Street Confectionary
81.6%
MK-MSMain Street Gallery
81.6%
MK-FrLFrontier Trading Post
81.5%
MK-TLSpace Mountain Shop
80.6%
MK-FrLSplash Mountain Shop
78.6%
MKLiberty Square
77.6%
MK-FLPeter Pan's Flight
76.1%
MKMain Street USA
75%
MK-FL'it's a small world'
73.1%
MK-FLCinderella's Royal Table
70.7%
MK-FrLBig Thunder Mountain Railroad
70.3%
MK-LSThe Haunted Mansion
70%
MK-FLDumbo The Flying Elephant
69.8%
MK-FLSir Mickey
69.4%
MKMickey's Once Upon A Christmastime Parade
69.1%
MK-TLBuzz Lightyear Shop
68.4%
MK-TLBuzz's Star Command
68.4%
MK-TLSpace Mountain
67.2%
MK-ALThe Pirates League
66.7%
MK-FLPrince Charming Regal Carousel
65.9%
MK-ALCaptain Jack Sparrow's Pirates Tutorial
65.9%
MK-ALPirate's Bazaar
65.9%
MK-FrLSplash Mountain
64.7%
MK-TLStitch's Great Escape
63.2%
MKMickey's Not-So-Scary Halloween Party
62.9%
MKMickey's Very Merry Christmas Party
62.8%
MK-ALJungle Cruise
62.2%
MKWishes Nighttime Spectacular
61.9%
Location Answer % Correct
MKHoliday Wishes
61.9%
MK-ALPirates of the Caribbean
59.5%
MK-LSThe Hall of Presidents
59.2%
MK-TLAstro Orbiter
59.1%
MK-FrLCountry Bear Jamboree
58.3%
MK-TLWalt Disney's Carousel of Progress
56.8%
MK-FLSnow White's Scary Adventures
56%
MK-MSMonorail
55.5%
MK-TLMonsters, Inc. Laugh Floor
55.3%
MK-ALThe Enchanted Tiki Room
55.2%
MK-TLBuzz Lightyear's Space Ranger Spin
54.5%
MK-FLMad Tea Party
53.9%
MK-FLCinderella's Royal Table
51%
MK-MSThe Crystal Palace
47.6%
MK-FLMickey's Philhar Magic
46.7%
MK-FrLTom Sawyer Island
46%
MK-ALSwiss Family Treehouse
41.7%
MK-TLTomorrowland Transit Authority PeopleMover
38.4%
MK-MSWalt Disney World Railroad
38.2%
MK-MSEmporium
35.6%
MK-TLCosmic Ray's Starlight Cafe
34.5%
MK-LSLiberty Tree Tavern
33.9%
MK-FrLPecos Bill Tall Tale Inn & Cafe
33.9%
MK-FLPinocchio Village Haus
33.6%
MK-MSMain Street Electrical Parade
33.5%
MK-MSCasey's Corner
33.2%
MK-MSTony's Town Square
31.3%
MKBus
29.9%
MK-FLSeven Dwarf's Mine
28.2%
MK-FLThwe Many Adventures of Winnie the Pooh
25.7%
MK-MSCelebrate A Dream Come True Parade
25.4%
MK-MSMain Street Bakery
25.1%
MKDisney's Keys to the Kingdom Tour
24.7%
MK-MSMain Street Vehicles
24.4%
MK-FLCinderella Castle
24.1%
MK-TLMickey's Star Traders
23.9%
MK-MSDream Along With Mickey
22.8%
MKBoat
22.1%
MK-LSColumbia Harbour House
21.8%
MK-MSThe Plaza Restaurant
21.7%
MK-ALAloha Isle
19.8%
MK-TLTomorrowland Terrace Restaurant
19.5%
MK-ALTortuga Tavern
19.3%
MK-LSSleepy Hollow
17.8%
Location Answer % Correct
MK-FLCastle Couture
17.5%
MK-TLThe Lunching Pad
16.8%
MKDisney's Celebrate America!
15.8%
MK-FLThe Friar's Nook
13.9%
MKRivers of America
13.8%
MK-TLAuntie Gravity's Galactic Goodies
13.6%
MK-MSPlaza Ice Cream Parlor
13.2%
MK-FLBibbidi Bobbidi Boutique
13.2%
MK-ALSunshine Tree Terrace
12.9%
MK-LSYe Olde Christmas Shoppe
12.9%
MK-MSHarmony Barbershop
12.2%
MK-LSLiberty Square Riverboats
12.1%
MK-MSNewsstand
11.8%
MK-FrLGolden Oak Outpost
10.9%
MK-FrLBriar Patch
10.8%
MK-FrLWestward Ho
10.5%
MK-TLMerchant of Venus
9.9%
MK-MSTown Square Theater
9.8%
MK-TLCool Ship
9.5%
MKCharacter Greetings Around the Park
8.3%
MKMeet Rapunzel and Flynn from Tangled
8.3%
MKPrincess Tiana and Prince Naveen Character Greetings
8.3%
MK-ALAgrabah Bazaar
8.3%
MK-FrLBig Al's
8%
MKQuinceanera Celebration
7.8%
MKHoliday D-Lights
7.6%
MK-LSYankee Trader Gourmet Shop
7.5%
MKVIP Tour Guide Services
7.3%
MK-MSUptown Jewelers
7.3%
MK-FLHundred Acre Goods
7.3%
MK-MSMove It! Shake It! Celebrate It! Street Party
7%
MK-MSChapeau Hat Shoppe
7%
MKBackstage Magic
6.8%
MK-ALIsland Supply
6.2%
MK-MSBox Office Gifts
6.2%
MK-LSHeritage House
6%
MKNight of Joy
5.9%
MK-MSCurtain Call Collectibles
5.5%
MK-FrLPrairie Outpost and Supply
5%
MK-FrLThe Diamond Horshoe
4.9%
MK-TLTomorrowland Terrace Fireworks Dessert Party
4.6%
MK-FLEnchanted Grove
4.5%
MK-TLUrsa's Major Minor Mart
4.3%

You're not logged in!

Compare scores with friends on all Sporcle quizzes.
Join for Free
OR
Log In

You Might Also Like...

Show Comments

Extras

Top Quizzes Today


Score Distribution

Your Account Isn't Verified!

In order to create a playlist on Sporcle, you need to verify the email address you used during registration. Go to your Sporcle Settings to finish the process.

Report this User

Report this user for behavior that violates our Community Guidelines.

Details: